000 00596nam a2200193Ia 4500
003 GCL
008 140319s9999 xx 000 0 ara d
040 _aGCL /
_cGCL
082 0 4 _a771.3
_bع ا
100 1 _aعبدالفتاح رياض
245 1 0 _aالة التصوير /
_cعبدالفتاح رياض
260 _aالقاهرة :
_bمكتبة الانجلوالمصرية ،
_c1993
300 _a195 ص ؛
_c30 سم
490 _a
650 0 4 _aالتصوير الضوئى
650 0 4 _aالالات التصوير
650 0 4 _aتحميض وطبع الافلام
942 _2ddc
_cBK
999 _c44494
_d44494